000 01250nam0a2200373 4500
001 RU\NLR\bibl\208030
005 20250619095921.0
010 _a5-17-005353-3
_bАСТ
010 _a5-271-01427-4
_bАстрель
_915000
020 _aRU
_b01-46890
_9Книжная летопись
021 _aRU
_b2001-27391
_91312
035 _a(NLR Aleph) 000204267
090 _a1184451
_c1184451
100 _a20011114d2001 |||y0rusy50 ca
101 1 _arus
102 _aRU
105 _aa |||||||||
200 1 _aВолшебный клубок
_e700 новых узоров для вязания крючком
_f[Ред.-сост. С. Кириянова]
210 _aМ.
_cАСТ и др.
_d2001
215 _a237,[2] с.
_cил.
_d27
300 _aИзд. совместно с: Астрель: Внешсигма
606 0 _aВязание крючком
_92079518
_3RU\NLR\auth\661255404
610 0 _aВязание ручное
675 _a646.27
_v3
_zrus
686 _a75.35
_2rugasnti
686 _a37.248
_2rubbk
686 _aМ483
702 1 _aКириянова
_bС.
_4220
801 0 _aRU
_bRKP
_c20011114
_gPSBO
801 1 _aRU
_bRKP
_c20011114
801 2 _aRU
_bNLR
_c20020211
_grcr
942 _cBOOK
980 _aNB